• 首页
  • 本馆介绍
  • 公告通知
  • 最新文献
  • 馆藏检索
  • 电子资源
  • 读者导购
  • 参考咨询
  • 我的图书馆
  • 登录
  • 详细信息显示
  • 放入我的书架
  • 预约/预借图书
  • 作者相关作品
  • 分类相关作品
  • 丛书相关作品
  • 出版社相关作品

书目信息

  • 表格格式
  • 工作单格式
  • 卡片格式
题名:
乐律全书(节选)
    
 
作者: 朱载堉著 , 李玫解读
分册:  
出版信息: 北京   中国国家图书馆出版社  2023.12
页数: 805页
开本: 20cm
丛书名:
单 册:
中图分类: Z121
科图分类:
主题词: 丛书--中国
电子资源:
ISBN: 978-7-5013-8058-9
000 00635nam0 2200193 450
001 202512101523876270
005 20251210105734.32
010    @a978-7-5013-8058-9@d150
100    @a20251210d km y0chiy0120 ea
101 0  @achi
200 1  @a乐律全书(节选)@AYue Lu Quan Shu(Jie Xuan)@f朱载堉著,李玫解读@FZhu Zai Yu Zhu,Li Mei Jie Du
210    @a北京@c中国国家图书馆出版社@d2023.12
215    @a805页@d20cm
606 0  @a丛书@x中国
690    @aZ121@v4
701  0 @a朱载堉著@AZhu Zai Yu Zhu
701  0 @a李玫解读@ALi Mei Jie Du
801  0 @aCN@b大连网信软件有限公司图书馆·11@c20251210
905    @aZUCC@b1440165@dZ121@e3530:68@f214401654
    
    乐律全书(节选)/朱载堉著,李玫解读.-北京:中国国家图书馆出版社,2023.12
    805页;20cm
    
    
    ISBN 978-7-5013-8058-9:150
    
●
相关链接 在E读中查询图书 在五车中查询图书 在当当中查询图书 在豆瓣中查询图书


正题名:乐律全书(节选)     索取号:Z121/3530:68         预约/预借

序号 登录号 条形码 馆藏地/架位号 状态 备注
1 1440164   214401645   第二样本阅览室/ [索取号:Z121/3530:68] 在馆    
唐山师范学院图书馆 欢迎您!
大连网信软件有限公司© 版权所有